Proscritos noticias circunstanciadas de lo acaecido a los religiosos de la Compañia de Jesús en la revolución de Portugal de 1910

Guardado en:
Detalles Bibliográficos
Autor principal: Gonzaga de Azevedo, L (Autor)
Formato: Libro
Lenguaje:español
Publicado: Madrid Administración de Razón y Fé 1912
Materias:
Etiquetas: Agregar Etiqueta
Sin Etiquetas, Sea el primero en etiquetar este registro!

MARC

LEADER 00000nam a2200000 a 4500
001 UCI6682
003 CL-VaPUC
008 080523e19120000SP |||||||||||||||||spa|d
082 0 4 |a 279.2  |b GON  |2 21 
100 0 |a Gonzaga de Azevedo, L  |e author  |9 529643 
245 1 0 |a Proscritos noticias circunstanciadas de lo acaecido a los religiosos de la Compañia de Jesús en la revolución de Portugal de 1910 
300 |a 366 p 
942 |c BK 
945 |d 20080523 00:00:00  |a rbrito 
260 |a Madrid  |b Administración de Razón y Fé  |c 1912 
500 |a Donación Padres Capuchinos 
650 7 |a PERSECUCIONES RELIGIOSAS SIGLO 20  |2 CL-VaPUC  |9 529644 
650 0 |a Jesuitas  |9 268366 
651 7 |a PORTUGAL  |2 CL-VaPUC  |9 255007 
583 |a last modification  |c 20080523 00:00:00  |k Rodrigo Vera 
999 |c 330132  |d 330130 
952 |0 0  |1 0  |4 0  |6 279_200000000000000_GON_1912  |7 0  |8 X  |9 415494  |a FDOBUD  |b FDOBUD  |d 2019-11-22  |i 4441303  |o 279.2 GON 1912  |p 4441303  |r 2019-11-22  |w 2019-11-22  |y BK_X  |k BUD